| 000 | 00470nam a22001337a 4500 | ||
|---|---|---|---|
| 999 |
_c15238 _d15238 |
||
| 008 | 200306b ||||| |||| 00| 0 eng d | ||
| 100 |
_942032 _aAquino, Leslie Ann G. |
||
| 245 |
_aPrelate backs HIV test on OFWs; DOH records 858 new infections/ _cLeslie Ann G. Aquino and Analou De Vera. |
||
| 260 |
_aPhilippines; _bManila Bulletin, _c©2019. |
||
| 300 |
_apage 2; _c29.5cm. |
||
| 650 |
_aViruses. _942034 |
||
| 700 |
_942033 _aDe Vera, Analou. _eAuthor. |
||
| 942 |
_2ddc _cPER |
||